| 000 | 01822nam a2200325 a 4500 | ||
|---|---|---|---|
| 005 | 20210223130038.0 | ||
| 008 | 040907s2005 mx r 000 0 spa d | ||
| 020 | _a9707860081 | ||
| 035 | _aUPN01000147246 | ||
| 049 | _aCG | ||
| 050 | 4 |
_aJL1281 _bG3.2 |
|
| 100 | 1 | _aGarcía González, Dora Elvira | |
| 245 | 1 | 0 |
_aDemocracia y educación cívica : _buna apuesta reinvindicativa del ciudadano reflexivo y crítico / _cDora Elvira García González. |
| 260 |
_aMéxico : _bInstituto Electoral del Distrito Federal, _c2005. |
||
| 300 | _a196 p. | ||
| 500 | _a"5o Concurso de Tesis, Ensayo y Cuento 2005. Ensayos" | ||
| 501 | _aCon: La importancia de la educación cívica en el proceso de transición política / Rubén Rabindranath García Clarck -- El papel de la educación cívica en el proceso de transición política / Lorena Laura Fragoso Oropeza -- De la educación cívica a la educación política : la transición de una idea / Edgar Baudelio Martínez Morales -- Género y educación cuidadana : retos y nudos para la democracia / Luz Maceira Ochoa | ||
| 650 | 4 |
_aDEMOCRATIZACION - _zMEXICO _94505 |
|
| 650 | 4 |
_aCULTURA POLITICA - _zMEXICO _912741 |
|
| 650 | 4 |
_aCIVISMO MEXICANO _910830 |
|
| 700 | 1 |
_aGarcía Clarck, Rubén Rabindranath, _ecoaut. _935187 |
|
| 700 | 1 |
_aFragoso Oropeza, Lorena Laura, _ecoaut. |
|
| 700 | 1 |
_aMartínez Morales, Edgar Baudelio, _ecoaut. |
|
| 700 | 1 |
_aMaceira Ochoa, Luz María, _ecoaut. _941324 |
|
| 740 | 3 | _aLa importancia de la educación cívica en el proceso de transición política | |
| 740 | 3 | _aEl papel de la educaicón cívica en el proceso de transición política | |
| 740 | 0 | _aDe la educación cívica a la educación política : la transición de una idea | |
| 740 | 0 | _aGénero y educación cuidadana : retos y nudos para la democracia | |
| 905 | _aLibro | ||
| 999 |
_c119391 _d119391 |
||